000 00569nam a22001577a 4500
005 20251108164942.0
008 250721s1995 xx 000 0 ara d
082 1 4 _a657.02854/تطب
245 1 0 _aتطبيقات في المحاسبة بإستخدام الحاسب :
_bمقدمة الحاسب - نظام دوس /
264 1 _aالإسكندريه :
_bجامعة الإسكندريه - كلية التجارة - قسم المحاسبة،
_c1995.
300 _a163ص
650 1 7 _aالمحاسبة
650 1 7 _aالحواسيب
942 _2ddc
_cBK
999 _c18230
_d18230